000 00550nam a2200181Ia 4500
005 20250317121515.0
008 008 250317s9999 xx 000 0 eng d
037 _aTextbook
040 _aFMSL
_beng
_cFMSL
041 _aeng
_2eng
084 _aX:8 K9
_qFMSL
100 _aBlumenthal S C
_9737546
245 0 _aManagement information systems: framework for planning and development
260 _aNew Jersey
_bNew Jersey, Prentice-Hall
_c1969
300 _a219p
942 _cTB
_hX:8 K9
999 _c1243283
_d1243283